000 00581nam a2200241Ia 4500
003 OSt
005 20221005131502.0
006 a|||||r|||| 00| 0
007 ta
008 221004b |||||||| |||| 00| 0 eng d
024 _a36139
037 _cTextual
040 _aCRL
_cCRL
_beng
041 _2eng
_aeng
082 _aN858, 111K0
100 _aPolyakova Lyudmila
_9639672
245 0 _aSoviet music
260 _c1960
650 _a ARTS
650 _aMUSIC
_917402
942 _hN858, 111K0
_cTEXL
_2cc
999 _c1060494
_d1060494